000 00530nam a2200193Ia 4500
005 20260120131908.0
008 008 260114s9999 xx 000 0 eng d
020 _a9781383015218
037 _aEBOOK
040 _aCRL
_beng
_cCRL
041 _aeng
_2eng
084 _qCRL
100 _aBarton
_9932497
245 0 _aLanguage, Theology, and the Bible
260 _bOxford University PressOxford University Press
_c2023
856 _uhttps://academic.oup.com/book/50211
942 _cEBOOK
999 _c1524420
_d1524420